| 000 | 03655nam a2200397 c 4500 | ||
|---|---|---|---|
| 001 | a5253622 | ||
| 003 | SpMaBN | ||
| 005 | 20250314104528.0 | ||
| 008 | 120903s2012 sp a | |||| 000 0 spa | ||
| 017 |
_aNA 943-2012 _bOficina Depósito Legal Navarra |
||
| 020 | _a9788499452777 | ||
| 040 |
_aCO-MdFUSB _bspa _cCO-MdFUSB _erdc _dCO-MdFUSB |
||
| 041 | _aspa | ||
| 080 | _a281.71(091) | ||
| 080 | _a27(620) | ||
| 082 |
_aG 281.7 _bM277n _224 |
||
| 100 | 1 |
_aMangado Alonso, María Luz _d1965- |
|
| 245 | 1 | 3 |
_aEl Nilo cristiano : _brelaciones y tradiciones orientales en el cristianismo occidental _c/ María Luz Mangado Alonso |
| 264 | 1 |
_aEstella, Navarra _bInstituto Bíblico y Oriental ; Verbo Divino _c©[2012] |
|
| 264 | 4 | _c℗2012 | |
| 300 |
_a212 p. _bilustración; _c24 cm |
||
| 336 |
_a1 _2rdacontent _ba1 |
||
| 337 |
_a2 _2rdadmedia _b5 |
||
| 338 |
_2rdacarrier _a2 _b5 |
||
| 490 | 0 | _aInstituto Bíblico y Oriental | |
| 500 | _aCronología: páginas: [209-212] | ||
| 504 | _aBibliografía: páginas: [191-207] | ||
| 505 | _aPresentación de don Francisco Pérez González, arzobispo de Pamplona y obispo de Tudela -- Presentación de don Francisco Antonovich y don Jesús García Recio -- Presentación de sor María Villar Sesma, misionera comboniana en Egipto -- Presentación de sor Teresa Irene Yago, misionera comboniana en Egipto -- Los coptos -- Capítulo I: La coptología en España Capítulo II: Un poco de historia -- Los hechos -- Excavaciones e investigaciones: la coptología -- Capítulo III: Historia de la Iglesia copta -- Elementos de la cultura egipcia -- El centro alejandrino -- El inicio del cristianismo -- Consolidación y difusión del cristianismo en Egipto -- La invasión árabe -- Capítulo IV: El monaquismo -- Los hechos La ocupación de los espacios sagrados -- La decoración -- Retratos de algunos Padres del Desierto -- La fundación de las «lauras» -- Capítulo V: La espiritualidad monástica y popular -- El monaquismo errante -- El monaquismo de tipo antoniano El monaquismo de tipo pacomiano -- El declive del monaquismo y su renovación -- La alfabetización -- La piedad monástica -- Estructura eclesial -- Capítulo VI: Algunos ejemplos de monaquismo -- Deir el-Giza o convento de Samuel -- Kellia -- Oxirrinco: El hallazgo de una celda monástica -- Capítulo VII: Arte -- Arquitectura eclesiástica -- Escultura y bajorrelieve -- Otras manifestaciones artísticas -- Capítulo VIII: Los tejidos -- La industria textil -- La ornamentación de los tejidos -- La escuela alejandrina La literatura en lengua copta -- Los papiros del Egipto cristiano Capítulo X: El cristianismo al sur del valle del Nilo -- Los hechos Los monasterios y las iglesias -- Capítulo XI: La iconografía En Egipto -- En Nubia -- En el país de la reina de Saba Capítulo XII: Actividades lúdicas en la época cristiana La música -- Los juegos y juguetes -- Capítulo XIII: Intercambios entre la Iglesia oriental y el cristianismo europeo -- La influencia del monaquismo del valle del Nilo en el Occidente hispano -- Nuevas corrientes monásticas inspiradas en el monaquismo primitivo -- La veneración de santos orientales en Europa La influencia copta en el arte cristiano primitivo -- El arte copto en el Museo Bíblico y Oriental de León -- La penetración misionera en el valle del Nilo entre los siglos XVIII y XX Selección bibliográfica -- Tablas cronológicas. | ||
| 610 | 2 | 7 |
_aIglesia Copta _vHistoria _2embne |
| 651 | 7 |
_aEgipto _xHistoria eclesiástica _2embne |
|
| 942 | _cBK | ||
| 945 | _aJTF-925 | ||
| 956 | _a2 | ||
| 999 |
_c63802 _d63802 |
||